| 000 | 00494nam a2200193Ia 4500 | ||
|---|---|---|---|
| 008 | 200601s9999 xx 000 0 und d | ||
| 020 | _a978-971-27-3500-4 | ||
| 050 | _aFIL DS 675.78 | ||
| 050 | _b.J63 2017 | ||
| 100 | _aJoaquin, Nick. | ||
| 245 | 2 | _aA Question of heroes / | |
| 245 | 0 | _cNick Joaquin. | |
| 260 | _aMandaluyong City : | ||
| 260 | _bAnvil Publishing, | ||
| 260 | _c2017 | ||
| 300 | _a237 pages : | ||
| 300 | _c23 cm. | ||
| 650 | _aHeroes -- Philippines -- Biography. | ||
| 999 |
_c363172 _d363172 |
||